Sharah Waqaya (Record no. 1059)

MARC details
000 -LEADER
fixed length control field 00534nam a2200229 a 4500
020 ## - INTERNATIONAL STANDARD BOOK NUMBER
ISBN
082 00 - DEWEY DECIMAL CLASSIFICATION NUMBER
Classification number 297.14
Author Cutter ABD2
100 ## - MAIN ENTRY--AUTHOR NAME
Author name Abdul Hai, Mohammad
245 ## - TITLE STATEMENT
Title Sharah Waqaya
260 ## - PUBLICATION, DISTRIBUTION, ETC. (IMPRINT)
Place of publication Delhi
Name of publisher Matba Mujtaba
Year of publication 1909
300 ## - PHYSICAL DESCRIPTION
Number of Pages 00
500 ## - GENERAL NOTE
General note includes index and biblioraphy
650 ## - SUBJECT ADDED ENTRY--TOPICAL TERM
Topical Term Islam-Fiqh
942 ## - ADDED ENTRY ELEMENTS (KOHA)
Koha item type Books
700 1# -
-- Abdul Hai, Mohammad
Holdings
Collection code Home library Current library Date acquired Cost, normal purchase price Full call number Accession Number Koha item type
  Henry Martyn Institute Library Henry Martyn Institute Library 09/25/2008 150.00 297.14 ABD2 00255 Books
                   Copyright © 2026 | Henry Martyn Institute | Hyderabad | TS-500052 | INDIA | Implemented by hmi.edu.in
Hit-Count:

Powered by Koha